000 00680nam a2200241Ia 4500
003 OSt
005 20220930070351.0
006 a|||||r|||| 00| 0
007 ta
008 220926b |||||||| |||| 00| 0 eng d
024 _a6892
037 _cTheses
040 _aCRL
_cCRL
_beng
041 _2eng
_aeng
100 _aSundaram J.
_9527054
110 _aUniversity of Delhi. Faculty of Social Sciences. Department of History
245 0 _aLand system in Tamilnadu (AD 800-1200)
260 _c1983
650 _aHISTORY
700 _aUniversity of Delhi. Faculty of Social Sciences. Department of History
942 _cDIS
_2CC
999 _c860811
_d860811